[Event "ARG-ch sf"]
[Site "Vicente Lopez"]
[Date "2016.06.28"]
[Round "5"]
[White "Padilla, Luis"]
[Black "Ruperez, Miguel Angel"]
[Result "1-0"]
[WhiteElo "2041"]
[BlackElo "2203"]
[PlyCount "89"]
[EventDate "2016.06.25"]
[EventType "swiss"]
[EventRounds "9"]
[EventCountry "ARG"]
[SourceTitle "CBM 173 Extra"]
[Source "ChessBase"]
[SourceDate "2016.08.29"]
[SourceVersion "1"]
[SourceVersionDate "2016.08.29"]
[SourceQuality "1"]

1. Nf3 c5 2. g3 Nc6 3. Bg2 e5 4. d3 d5 5. 0-0 h6 6. Na3 Bd6 7. e4 d4 8. Nd2 g5 9. Ndc4 Bc7 10. f4 Be6 11. fxe5 Nxe5 12. Nxe5 Bxe5 13. Nc4 Qc7 14. Nxe5 Qxe5 15. Bd2 h5 16. Rf5 Bxf5 17. exf5 f6 18. Qf3 Qc7 19. Re1+ Ne7 20. Qe4 Rf8 21. b4 Kd8 22. bxc5 Nc6 23. c3 Qd7 24. cxd4 Qxd4+ 25. Qxd4+ Nxd4 26. Bxb7 Rb8 27. Be4 Rb2 28. Ba5+ Kd7 29. Bc3 Ne2+ 30. Rxe2 Rxe2 31. c6+ Kc8 32. Bd5 Rc2 33. Ba5 Re8 34. d4 Ree2 35. Kf1 Rxh2 36. Be6+ Kb8 37. Kg1 Rhd2 38. c7+ Rxc7 39. Bxd2 Rc2 40. Bb4 h4 41. gxh4 gxh4 42. Be7 Kc7 43. Bxf6 h3 44. Be5+ Kd8 45. f6 1-0